[Event "Candidats final"]
[Site "Buenos Aires"]
[Date "1971.??.??"]
[Round "8"]
[White "Petrosian, Tigran V"]
[Black "Fischer, Robert James"]
[Result "0-1"]
[WhiteElo "2640"]
[BlackElo "2760"]

1.d4 Nf6 2.c4 e6 3.Nf3 d5 4.Nc3 c5 5.e3 Nc6 6.a3 Ne4 7.Qc2 Nxc3 8.bxc3 Be7
9.Bb2 O-O 10.Bd3 h6 11.O-O Na5 12.Nd2 dxc4 13.Nxc4 Nxc4 14.Bxc4 b6 15.e4 Bb7
16.Qe2 Rc8 17.Bb3 b5 18.f4 Qb6 19.Kh1 cxd4 20.cxd4 b4 21.axb4 Bxb4 22.d5 Bc3
23.Bxc3 Rxc3 24.Bc2 exd5 25.e5 Re3 26.Qd2 d4 27.Rab1 Qa6 28.Rf2 Rd8 29.Kg1 Be4
30.Bxe4 Rxe4 31.h3 d3 32.Rb3 Qc4 33.Rb2 Rdd4 34.g3 Rd5 35.Kh2 Rb5 36.Ra2 Rb1
37.g4 Re2 38.Rxe2 dxe2 39.Qxe2 Qxf4+  0-1

[Event "Candidats sf1"]
[Site "Denver"]
[Date "1971.??.??"]
[Round "2"]
[White "Larsen, Bent"]
[Black "Fischer, Robert James"]
[Result "0-1"]
[WhiteElo "2660"]
[BlackElo "2760"]

1.c4 c5 2.Nf3 g6 3.d4 cxd4 4.Nxd4 Nc6 5.e4 Nf6 6.Nc3 d6 7.Be2 Nxd4 8.Qxd4 Bg7
9.Bg5 h6 10.Be3 O-O 11.Qd2 Kh7 12.O-O Be6 13.f4 Rc8 14.b3 Qa5 15.a3 a6 16.f5 Bd7
17.b4 Qe5 18.Rae1 Bc6 19.Bf4 Nxe4 20.Nxe4 Qxe4 21.Bd3 Qd4+ 22.Kh1 Rce8 23.Be3 Qc3
24.Bxh6 Qxd2 25.Bxd2 Be5 26.Bf4 Bxf4 27.Rxf4 gxf5 28.Rxf5 Kg7 29.Rg5+ Kh6
30.h4 e6 31.Rf1 f5 32.Rb1 Rf7 33.b5 axb5 34.cxb5 Bd7 35.g4 Ra8 36.gxf5 exf5
37.Bc4 Ra4 38.Rc1 Bxb5 39.Bxf7 Rxh4+ 40.Kg2 Kxg5 41.Bd5 Ba6 42.Rd1 Ra4 43.Bf3 Rxa3
44.Rxd6 Ra2+ 45.Kg1 Kf4 46.Bg2 Rb2 47.Rd7 b6 48.Rd8 Be2 49.Bh3 Bg4 50.Bf1 Bf3
51.Rb8 Be4 52.Ba6 Ke3 53.Rc8 Rb1+ 54.Kh2 Kf4  0-1

[Event "Candidats sf1"]
[Site "Denver"]
[Date "1971.??.??"]
[Round "6"]
[White "Larsen, Bent"]
[Black "Fischer, Robert James"]
[Result "0-1"]
[WhiteElo "2660"]
[BlackElo "2760"]

1.f4 c5 2.Nf3 g6 3.e4 Bg7 4.Be2 Nc6 5.O-O d6 6.d3 e6 7.Na3 Nge7 8.c3 O-O
9.Be3 a6 10.d4 cxd4 11.Nxd4 b5 12.Nxc6 Nxc6 13.Qd2 Qc7 14.Rad1 Rd8 15.Nc2 Rb8
16.a3 Na5 17.e5 Bf8 18.b4 Nc6 19.Nd4 dxe5 20.fxe5 Nxe5 21.Bg5 Rd5 22.Qf4 Bg7
23.h4 Rb7 24.Bf6 Bxf6 25.Qxf6 Qxc3 26.h5 gxh5 27.Kh1 Ng4 28.Bxg4 hxg4 29.Qh6 Bd7
30.Rf4 f5 31.Qf6 Bc8 32.Rff1 Rf7 33.Qh6  0-1